| 000 | 00626nam a22001937a 4500 | ||
|---|---|---|---|
| 003 | NUST-PNEC | ||
| 005 | 20170116180739.0 | ||
| 008 | 141211b xxu||||| |||| 00| 0 eng d | ||
| 020 | _a8170293367 | ||
| 040 | _cPNEC | ||
| 082 | _a005.432 THA | ||
| 100 |
_91095 _aThakker, Kaushal |
||
| 245 |
_aWorking with UNIX / _cKaushal Thakker |
||
| 260 |
_aNew Delhi : _bBPB Publications, _cc1993. |
||
| 300 |
_a431p. : _bill. ; _c22 cm. |
||
| 650 | _xComputer, MIS | ||
| 856 | _uhttp://www.amazon.com/Working-UNIX-Kaushal-Thakkar/dp/8170293367/ref=sr_1_1?s=books&ie=UTF8&qid=1418241508&sr=1-1&keywords=8170293367 | ||
| 942 |
_2ddc _cBK |
||
| 999 |
_c62115 _d62115 |
||